000 00414nam a2200109Ia 4500
008 151021s9999 xx 000 0 und d
245 _a_Sessional paper No. 5 of 2005 on Gender Equity and Development / Ministry of Gender ,Sports ,Culture and Social Services
260 _aNairobi : Government Printer, 2005
300 _avii,39 p.
650 _a_Gender Equity and Development
980 _a^d20120530 01:17:30^oanne
999 _c9017
_d9017